|
|
|
|
| LEADER |
00893nab a2200241 i 4500 |
| 001 |
publ26861 |
| 005 |
20240809085250.0 |
| 008 |
230329s2023 hu o 000 hun d |
| 022 |
|
|
|a 0025-021X
|
| 024 |
7 |
|
|a 33685649
|2 mtmt
|
| 040 |
|
|
|a SZTE Publicatio Repozitórium
|b hun
|
| 041 |
|
|
|a hun
|
| 100 |
2 |
|
|a Kovács-Berta Renáta
|
| 245 |
1 |
2 |
|a A COVID-19 megjelenésének pszichés hatásai, különös tekintettel gravidák mentális egészségére nemzetközi eredmények alapján
|h [elektronikus dokumentum] /
|c Kovács-Berta Renáta
|
| 260 |
|
|
|c 2023
|
| 300 |
|
|
|a 26-32
|
| 490 |
0 |
|
|a MAGYAR NŐORVOSOK LAPJA
|v 86 No. 1
|
| 650 |
|
4 |
|a Pszichológia
|
| 700 |
0 |
1 |
|a Dudok Fanni
|e aut
|
| 700 |
0 |
1 |
|a Németh Gábor László
|e aut
|
| 700 |
0 |
1 |
|a Pásztor Norbert
|e aut
|
| 700 |
0 |
1 |
|a Dombi Edina
|e aut
|
| 856 |
4 |
0 |
|u http://publicatio.bibl.u-szeged.hu/26861/1/Noorvosok_Lapja_2023_01_KovacsB.pdf
|z Dokumentum-elérés
|